000 00574nam a22001817a 4500
008 170612b xxu||||| |||| 00| p tur d
020 _a9786054069033
041 _atur
050 _aPL248.E7485
100 _aErgülen, Haydar
_9222
245 _aHafız İle Semender
_bToplu Şiirler 2
250 _a1. baskı
260 _aİstanbul
_bTurkuvaz Kitap
_cMayıs 2008
300 _a265 sayfa
500 _aBu kitabın ilk baskısı 2002 yılında Adam Yayınevi tarafından yapılmış olup, kütüphanemizde mevcuttur.
650 0 _9145
_aTürk Edebiyatı
942 _2lcc
_cBK
999 _c664
_d656